00234nam a2200097Ia 4500082001700000245002700017100002500044942000700069008004100076999001900117 a344.681 CROG 0aCollective labour law  a Grogan, John 94757 cBK210825s9999 xx 000 0 und d c553594d553593